Southville International School and Colleges
Your cart is empty.
  • Cart
  • Lists
    Public lists Eva Luna New books Lux_list list_1
    Your lists Log in to create your own lists
  • Log in to your account
  • Your cookies
  • Search history
Southville International School and Colleges
  • Advanced search
  • Recent comments
  • Most popular
  • Libraries

Log in to your account

Log in with GOOGLE


If you do not have an external account, but do have a local account, you can still log in:

  1. Home
  2. MARC view: A Smart and practical guide for new entrepreneurs :
Normal view MARC view ISBD view

A Smart and practical guide for new entrepreneurs : (Record no. 291372)

[ view plain ]
MARC details
000 -LEADER
fixed length control field 00841nam a2200289Ia 4500
008 - FIXED-LENGTH DATA ELEMENTS--GENERAL INFORMATION
fixed length control field 160303s9999 xx 000 0 und d
020 ## - INTERNATIONAL STANDARD BOOK NUMBER
International Standard Book Number 971-92148-1-3
050 ## - LIBRARY OF CONGRESS CALL NUMBER
Classification number FIL HB 615
050 ## - LIBRARY OF CONGRESS CALL NUMBER
Item number .S26 2000 c.2
100 ## - MAIN ENTRY--PERSONAL NAME
Personal name Sanchez, Marlo.
245 #2 - TITLE STATEMENT
Title A Smart and practical guide for new entrepreneurs :
245 ## - TITLE STATEMENT
Remainder of title be smart! start and manage your own business /
245 ## - TITLE STATEMENT
Statement of responsibility, etc Marlo Sanchez.
260 ## - PUBLICATION, DISTRIBUTION, ETC. (IMPRINT)
Place of publication, distribution, etc Muntinlupa City:
260 ## - PUBLICATION, DISTRIBUTION, ETC. (IMPRINT)
Name of publisher, distributor, etc PinoyBisnes tm Resource Center,
260 ## - PUBLICATION, DISTRIBUTION, ETC. (IMPRINT)
Date of publication, distribution, etc 2000
300 ## - PHYSICAL DESCRIPTION
Extent 148 pages :
300 ## - PHYSICAL DESCRIPTION
Other physical details illustrations ;
300 ## - PHYSICAL DESCRIPTION
Dimensions 22 cm.
500 ## - GENERAL NOTE
General note Includes index.
650 ## - SUBJECT ADDED ENTRY--TOPICAL TERM
Topical term or geographic name as entry element Business --
650 ## - SUBJECT ADDED ENTRY--TOPICAL TERM
Topical term or geographic name as entry element Entrepreneurship --
650 ## - SUBJECT ADDED ENTRY--TOPICAL TERM
Topical term or geographic name as entry element New business enterprises --
650 ## - SUBJECT ADDED ENTRY--TOPICAL TERM
General subdivision Handbooks, manuals, etc.
650 ## - SUBJECT ADDED ENTRY--TOPICAL TERM
General subdivision Handbooks, manuals, etc.
650 ## - SUBJECT ADDED ENTRY--TOPICAL TERM
General subdivision Handbooks, manuals, etc.
Holdings
Withdrawn status Lost status Damaged status Home library Current library Shelving location Date acquired Total Checkouts Full call number Barcode Date last seen Price effective from Koha item type
      South Mansfield College South Mansfield College Filipiniana Section 01/12/2008   FIL HB 615 .S26 2000 c.2 SMC04862 03/03/2016 03/03/2016  

A Smart and practical guide for new entrepreneurs :

APA

Sanchez M., .A Smart and practical guide for new entrepreneurs. Muntinlupa City: .

Chicago

Sanchez Marlo, .A Smart and practical guide for new entrepreneurs. Muntinlupa City: .

Harvard

Sanchez M., .A Smart and practical guide for new entrepreneurs. Muntinlupa City: .

MLA

Sanchez Marlo, .Muntinlupa City: . .

  • Place hold
  • Print
  • Cite
  • Add to your cart (remove)
  • Save record
    BIBTEX Dublin Core MARCXML MARC (non-Unicode/MARC-8) MARC (Unicode/UTF-8) MARC (Unicode/UTF-8, Standard) MODS (XML) RIS
  • More searches
    Search for this title in:
    Other Libraries (WorldCat) Other Databases (Google Scholar) Online Stores (Bookfinder.com) Open Library (openlibrary.org)

Exporting to Dublin Core...

SOUTHVILLE LIBRARY

Southville International School and Colleges Library

1281 Tropical Ave. Cor. Luxembourg St., BF Homes International, Las Pinas City

Tel. No. 8256374 / 252358 Loc. 117/146

Powered by Koha